| 000 -CABECERA |
| Longitud fija campo de control |
01098nas a22003017a 4500 |
| 003 - IDENTIFICADOR DEL NÚMERO DE CONTROL |
| Identificador del número de control |
OSt |
| 005 - FECHA Y HORA DE LA ÚLTIMA TRANSACCIÓN |
| Fecha y hora de la última transacción |
20231121115715.0 |
| 008 - CÓDIGOS DE INFORMACIÓN DE LONGITUD FIJA |
| Códigos de información de longitud fija |
180417c20179999sp ar ||| ||| 0 ||spa|d |
| 017 ## - NÚMERO DE COPYRIGHT O DE DEPÓSITO LEGAL |
| Número de copyright o de depósito legal |
DL M 33221-2017 |
| Agencia que asigna el número |
Oficina DL Madrid |
| 022 ## - NÚMERO INTERNACIONAL NORMALIZADO PARA PUBLICACIONES SERIADAS |
| Número Internacional Normalizado para Publicaciones Seriadas |
1696-638X |
| 040 ## - FUENTE DE LA CATALOGACIÓN |
| Centro catalogador de origen |
Es-BaUAB |
| Lengua de catalogación |
cat |
| Centro transcriptor |
CDMR |
| 245 03 - MENCIÓN DE TÍTULO |
| Título |
El Libro blanco de la información |
| 260 ## - PUBLICACIÓN, DISTRIBUCIÓN, ETC. (PIE DE IMPRENTA) |
| Lugar de publicación, distribución, etc. |
[Madrid] |
| Nombre del editor, distribuidor, etc. |
AMI |
| Fecha de publicación, distribución, etc. |
[2017] |
| 300 ## - DESCRIPCIÓN FÍSICA |
| Extensión |
volums : |
| Otras características físicas |
gràfics; |
| Dimensiones |
30 cm + |
| Material anejo |
1 llàpis de memòria (USB) |
| 310 ## - PERIODICIDAD ACTUAL |
| Periodicidad actual |
Anual |
| 362 0# - FECHAS DE PUBLICACIÓN Y/O DESIGNACIÓN SECUENCIAL |
| Fecha de publicación y/o designación secuencial |
2017 -- |
| 500 ## - NOTA GENERAL |
| Nota general |
Substitueix la publicació: Libro blanco de la prensa diaria / AEDE. L'entitat AEDE esdevé AMI l'any 2017 |
| 505 8# - NOTA DE CONTENIDO CON FORMATO |
| Nota de contenido con formato |
Inclou una targeta de memòria USB |
| 525 ## - NOTA DE SUPLEMENTO |
| Nota de suplemento |
El llàpis de memòria (USB) és la tercera part de la publicació |
| 588 ## - NOTA DE FUENTE DE LA DESCRIPCIÓN |
| Nota de fuente de la descripció,n |
Descripció basada en any 2017 |
| 650 04 - PUNTO DE ACCESO ADICIONAL DE MATERIA - TÉRMINO DE MATERIA |
| Término de materia o nombre geográfico como elemento inicial |
Diaris |
| Subdivisión geográfica |
Espanya |
| Subdivisión de materia general |
Difusió |
| -- |
Revistes |
| 650 04 - PUNTO DE ACCESO ADICIONAL DE MATERIA - TÉRMINO DE MATERIA |
| Término de materia o nombre geográfico como elemento inicial |
Premsa |
| Subdivisión geográfica |
Espanya |
| Subdivisión de materia general |
Revistes |
| 655 #4 - TÉRMINO DE INDIZACIÓN - GÉNERO/FORMA |
| Datos o término principal de género/forma |
Anuaris |
| 710 2# - PUNTO DE ACCESO ADICIONAL - NOMBRE DE ENTIDAD |
| Nombre de entidad o nombre de jurisdicción como elemento inicial |
Asociación de Medios de Información, |
| Término indicativo de función |
entitat editora |
| 740 02 - PUNTO DE ACCESO ADICIONAL - TÍTULO RELACIONADO O ANALÍTICO NO CONTROLADO |
| Título relacionado o analítico no controlado |
Libro blanco de la prensa diaria |
| 780 02 - ENLACE A UN TÍTULO ANTERIOR |
| Título |
Libro blanco de la prensa diaria |
| Lugar, editor y fecha de publicación |
AEDE |
| 942 ## - ENTRADA DE ELEMENTOS AGREGADOS (KOHA) |
| Koha [por defecto] tipo de item |
Publicacions periòdiques |
| Fuente de clasificaión o esquema |
|